000 00747nam a2200241 i 4500
001 bg
100 1 _aGUDE, Kathy
245 1 0 _aOxford practice tests for matura /
_cKathy Gude ; matura consult. Barbara Czarnecka-Cicha.
260 _aOxford :
_bOxford Univ.,
_c2001.
300 _a111 s. :
_bil. ;
_c29 cm +
_ekaseta dźw.
650 9 _aJęzyk angielski
650 9 _aMatura
655 _aĆwiczenia i zadania dla szkół średnich
700 1 _aCZARNECKA-CICHA, Barbara
020 _a0194538109
040 _cBPK
041 w _aplen
080 _a811.111(075.3)(076):371.279.6:378.244
920 _a0-19-453810-9
942 _cKS
008 s pl f |000 0 pol
999 _c40113
_d40113
856 _uhttp://koha.tu.koszalin.pl/cgi-bin/koha/opac-detail.pl?biblionumber=40113
_yKatalog online BPK